Jeux The Legend of Zelda par acronyme - Statistiques

Statistiques générales
  • Ce quiz a été pris 103 fois
  • Le résultat moyen est 15 sur 21
Statistiques - réponses
Hint Réponse % Correct
TotK Tears of the Kingdom
95%
BotW Breath of the Wild
91%
OoT Ocarina of Time
88%
TWW The Wind Waker
88%
TP Twilight Princess
88%
MM Majora's Mask
83%
SS Skyward Sword
81%
TLoZ The Legend of Zelda
81%
EoW Echoes of Wisdom
73%
PH Phantom Hourglass
73%
ALttP A Link to the Past
70%
ALBW A Link Between Worlds
69%
OoA Oracle of Ages
63%
OoS Oracle of Seasons
63%
LA Link's Awakening
60%
ST Spirit Tracks
59%
FS Four Swords
57%
TMC The Minish Cap
52%
FSA Four Swords Adventures
49%
AoL Adventure of Link
46%
TFH Tri Force Heroes
44%
Aucun quiz correspondant
Distribution des résultats
% des personnes avec chaque résultat
Percentile par nombre de réponses
Votre historique - résultats
Vous n’avez pas pris ce quiz